সৈয়দ ওয়ালীউল্লাহ্, সিসিফাস ও উপন্যাসে ঐতিহ্যজিজ্ঞাসা / (Record no. 664)
[ view plain ]
| 000 -LEADER | |
|---|---|
| fixed length control field | 00791nam a2200229 a 4500 |
| 001 - CONTROL NUMBER | |
| JCCL Control Number | 664 |
| 003 - CONTROL NUMBER IDENTIFIER | |
| JCCL marc code | BD-JhCC |
| 005 - DATE AND TIME OF LATEST TRANSACTION | |
| control field | 20171010191547.0 |
| 008 - FIXED-LENGTH DATA ELEMENTS--GENERAL INFORMATION | |
| fixed length control field | 171008s2000 bg |||| |||| 00| 0 ben d |
| 020 ## - INTERNATIONAL STANDARD BOOK NUMBER | |
| International Standard Book Number | 9844015804 |
| 035 ## - SYSTEM CONTROL NUMBER | |
| system control number | (BD-JhCC)664 |
| 040 ## - CATALOGING SOURCE | |
| Original cataloging agency | BD-JhCC |
| Modifying agency | BD-JhCC |
| 041 ## - LANGUAGE CODE | |
| Language code of Book | ben |
| 082 ## - DEWEY DECIMAL CLASSIFICATION NUMBER | |
| Classification number | 891.4409 |
| Author mark and Year | MOK 2000 |
| 100 ## - MAIN ENTRY--PERSONAL NAME | |
| Personal name | মোকাম্মেল, তানভীর |
| 245 ## - TITLE STATEMENT | |
| Title | সৈয়দ ওয়ালীউল্লাহ্, সিসিফাস ও উপন্যাসে ঐতিহ্যজিজ্ঞাসা / |
| Statement of responsibility, etc | তানভীর মোকাম্মেল |
| 260 ## - PUBLICATION, DISTRIBUTION, ETC. (IMPRINT) | |
| Place of publication, distribution, etc | ঢাকাঃ |
| Name of publisher, distributor, etc | আগামী প্রকাশনী, |
| Date of publication, distribution, etc | 2000 |
| 300 ## - PHYSICAL DESCRIPTION | |
| Pagination | 103 p. : |
| Dimensions | 21 cm. |
| 650 ## - SUBJECT ADDED ENTRY--TOPICAL TERM | |
| Topical term or geographic name as entry element | Bengali Literature |
| 942 ## - ADDED ENTRY ELEMENTS (KOHA) | |
| Source of classification or shelving scheme | Dewey Decimal Classification |
| Koha item type | Books |
| Source of classification or shelving scheme | Damaged status | Not for loan | Home library | Current library | Shelving location | Date of accession | Source of acquisition | Cost, normal purchase price | Total Checkouts | Full call number | Barcode | Date last seen | Date checked out | Copy number | Koha item type |
|---|---|---|---|---|---|---|---|---|---|---|---|---|---|---|---|
| Dewey Decimal Classification | JCC Rouf Library | JCC Rouf Library | General Stacks | 10/08/2017 | Zahedee Faundation | 100.00 | 1 | 891.443 MOK 2000 | 1731 | 07/14/2024 | 10/12/2023 | C-1 | Books |